|
|
|
|
| LEADER |
00000nam a2200000 a 4500 |
| 001 |
vtls008302411 |
| 003 |
SK-MaSNL |
| 005 |
20260302074205.0 |
| 008 |
180216s2003 xo oal d p 000 0 slo |
| 015 |
|
|
|a SNBA2005/12-05348
|
| 020 |
|
|
|a 808873410X
|q (brož.)
|
| 035 |
|
|
|a A46B155C-A464-4122-9705-0E292D7E1366
|
| 035 |
|
|
|a urn:nbn:sk:snk-amygko
|
| 035 |
|
|
|a urn:nbn:sk:snk-am00cldo
|
| 040 |
|
|
|a SNK
|b slo
|c SNK
|e AACR2
|
| 041 |
0 |
|
|a slo
|
| 044 |
|
|
|a xo
|c SK
|
| 072 |
|
7 |
|a 621
|x Strojárstvo
|2 konspekt
|
| 080 |
|
|
|a 621.791.052/.053
|2 MDT-MRF
|
| 080 |
|
|
|a 669.055
|2 MDT-MRF
|
| 080 |
|
|
|a 620.1
|2 MDT-MRF
|
| 080 |
|
|
|a (075)
|2 MDT-MRF
|
| 080 |
|
|
|a 621.791
|2 MDT-MRF
|
| 245 |
0 |
0 |
|a Materiály a ich správanie sa pri zváraní
|n 2. kniha učebných textov pre kurzy zváračských inžinierov
|
| 250 |
|
|
|a 2. dopl. a preprac. vyd.
|
| 260 |
|
|
|a Bratislava
|b Výskumný ústav zváračský - Priemyselný inštitút SR
|c 2003
|
| 300 |
|
|
|a 355 s.
|b fotogr., ilustr., sch., tab.
|c 30 cm
|
| 490 |
1 |
|
|a Učebné texty
|
| 504 |
|
|
|a Bibliogr. s. 352-355
|
| 650 |
0 |
7 |
|a zváranie
|2 SNKPH
|9 1839
|
| 650 |
0 |
7 |
|a zvarové spoje
|2 SNKPH
|9 31821
|
| 650 |
0 |
7 |
|a zliatiny
|2 SNKPH
|9 78943
|
| 650 |
0 |
7 |
|a skúšanie materiálov
|2 SNKPH
|9 4168
|
| 655 |
|
7 |
|a učebnice
|2 SNKPH
|9 22521
|
| 810 |
2 |
|
|a Výskumný ústav zváračský - Priemyselný inštitút SR (Bratislava, Slovensko)
|t Učebné texty
|9 397982
|
| 919 |
|
|
|a 80-88734-10-X
|
| 968 |
|
|
|d 62
|
| 999 |
|
|
|c 1164033
|d 1165963
|
| 952 |
|
|
|a SNK
|b SNK
|y VYP
|7 0
|p 17A0499508
|o snkSB 71150 D1
|i snk2006/4743
|8 0
|0 0
|1 0
|4 0
|d 2006-03-06
|l 0
|r 2016-06-30 00:00:00
|w 2026-02-24
|
| 952 |
|
|
|a SNK
|b SNK
|y PREZ
|7 0
|p 17A0485748
|o snkSB 71150
|i snk2005/16863
|8 0
|0 0
|1 0
|4 0
|d 2005-10-12
|f 1
|l 0
|r 2025-04-23 00:00:00
|w 2026-02-24
|